000 00460nam a2200217Ia 4500
001 084383
003 YMCAF
005 20230512161449.0
008 100717s2002 ||||||||||||||||| ||und|d
024 _a84383
035 _a23843
040 _aYMCAF
_beng
_cIN-KoLT
041 _aeng
082 _a511.1
_bLIP
100 _aLipschutz, Semour
245 0 _aDiscrete mathematics
250 _a2nd
260 _bTMH
_c2002
300 _a528
942 _2ddc
_cBK
999 _c8766
_d8766